MARC

LEADER 00000nam0a2200000 4500
001 47790
005 20231031030527.0
035 |a (RuTPU)RU\TPU\book\49951 
090 |a 47790 
100 |a 20030226d1964 m y0rusy50 ca 
101 0 |a rus 
102 |a RU 
105 |a a j 001zy 
200 1 |a Разведочная геофизика  |a Геофизические методы исследования земной коры, поисков и разведки полезных ископаемых  |e учебное пособие  |f В. В. Федынский 
210 |a Москва  |c Недра  |d 1964 
215 |a 672 с.  |c ил. 
320 |a Библиогр.: с. 644-669. 
610 1 |a геология 
610 1 |a геофизика 
610 1 |a разведочная геофизика 
610 1 |a земная кора 
610 1 |a полезные ископаемые 
610 1 |a поиски 
610 1 |a разведка 
610 1 |a геофизические методы 
610 1 |a магнитные методы 
610 1 |a сейсмический метод 
610 1 |a скважины 
610 1 |a геофизические исследования 
610 1 |a радиометрические методы 
610 1 |a учебные пособия 
675 |a 550.83(075.8)  |v 3 
700 1 |a Федынский  |b В. В.  |g Всеволод Владимирович 
801 1 |a RU  |b 63413507  |c 20030226  |g PSBO 
801 2 |a RU  |b 63413507  |c 20141013  |g PSBO 
900 |a Методы разведочной геофизики 
942 |c BK